Statistiques concernant Personnage One Piece

Cliquez ici pour prendre le quiz!

Statistiques générales

  • Ce quiz a été pris 42 fois
    (38 depuis la dernière actualisation)
  • Le résultat moyen est 99 sur 323

Statistiques - réponses

Personnage% Correct
3Nami
100%
2Roronoa Zoro
100%
1Monkey D.Luffy
100%
5Sanji
97%
6Robin
86%
306Cho
83%
4Usopp
83%
8Franky
83%
9Brook
79%
7Chopper
79%
207Lao G
79%
48Monkey D.Garp
79%
10Jinbe
76%
83Portgas D. Ace
76%
24Shanks
72%
14Baggy
69%
23Barbe Blanche
69%
22Big Mom
69%
43Akainu
66%
75Arlong
66%
12Bartholomew Kuma
66%
15Crocodile
66%
18Don Quichotte Doflamingo
66%
19Marshall D.Teach
66%
255Monkey D. Dragon
66%
256Sabo
66%
45Aokiji
62%
25Eustass Kid
62%
33Gol D.Roger
62%
21Kaido
62%
17Trafalgar D.Water Law
62%
124Doc Q
59%
13Boa Hancock
55%
239Charlotte Katakuri
55%
11Dracule Mihawk
55%
93Nefertari Vivi
55%
279Queen
55%
34Silvers Rayleigh
55%
280King
52%
46Kizaru
52%
54Koby
52%
96Mister 3
52%
49Smoker
52%
224Carrot
48%
242Charlotte Brulée
48%
237Charlotte Cracker
48%
137Ener
48%
47Fujitora
48%
16Gecko Moria
48%
31Jewelry Bonney
48%
221Kozuki Momonosuke
48%
84Marco
48%
147Rob Lucci
48%
39Yasopp
48%
37Ben Beckman
45%
97Bon Clay
45%
32Capone Gang Bege
45%
236Charlotte Pudding
45%
61Dr. Vegapunk
45%
167Jean Bart
45%
149Kaku
45%
219Kinemon
45%
292Kozuki Oden
45%
178Magellan
45%
195Rebecca
45%
42Sengoku
45%
60Tashigi
45%
30X Drake
45%
63Alvida
41%
196Bartolomeo
41%
27Basil Hawkins
41%
243Charlotte Mont-d'Or
41%
238Charlotte Smoothie
41%
53Hermep
41%
278Jack
41%
26Killer
41%
257Koala
41%
220Korozumi Kanjuro
41%
69Kuro
41%
64Morgan
41%
187Neptune
41%
76Octy
41%
164Oz
41%
91Oz Junior
41%
226Pedro
41%
202Pica
41%
285Ulti
41%
309Yamato
41%
193César Clown
38%
245Charlotte Oven
38%
265Imu
38%
258Ivankov
38%
51Jango
38%
104Mister 4
38%
101Mister 5
38%
161Perona
38%
28Scratchmen Apoo
38%
186Shirahoshi
38%
198Sugar
38%
322Thousand Sunny
38%
29Urouge
38%
197Viola
38%
321Vogue Merry
38%
160Absalom
34%
203Baby 5
34%
77Belmer
34%
166Bepo
34%
284Black Maria
34%
241Charlotte Perospero
34%
98Daz Bones
34%
85Diamond Joz
34%
191Fisher Tiger
34%
150Kalifa
34%
70Kaya
34%
217Kyros
34%
216Leo
34%
107Mister 7
34%
99Mister 9
34%
116Nefertari Cobra
34%
225Nekomamushi
34%
40Rockstar
34%
163Ryuma
34%
125Shiliew
34%
157Tom
34%
200Trebol
34%
234Vinsmoke Judge
34%
87Vista
34%
74Zeff
34%
199Cavendish
31%
180Dadan
31%
71Don Krieg
31%
215Don Quichotte Rossinante
31%
264Don Sai
31%
72Gin
31%
182Hody Jones
31%
263Inazuma
31%
90Izo
31%
94Karoo
31%
121Laffitte
31%
38Lucky Roux
31%
155Nico Olvia
31%
281Page One
31%
267Saint Jaygarcia Saturn
31%
56Tsuru
31%
232Vinsmoke Yonji
31%
282Who's-Who
31%
126Catarina Devon
28%
244Charlotte Daifuku
28%
214Chinjao
28%
201Diamante
28%
59Haguar D.Sauro
28%
159Icebarg
28%
95Igaram
28%
151Jabura
28%
158Kokoro
28%
41Kong
28%
119Laboon
28%
62Makino
28%
194Monet
28%
143Montblanc Norland
28%
117Pell
28%
297Raizo
28%
44Ryokugyu
28%
266Saint Marcus Mars
28%
283Sasaki
28%
209Senor Pink
28%
154Spandam
28%
233Vinsmoke Ichiji
28%
230Vinsmoke Reiju
28%
114Wapol
28%
132Bellamy
24%
148Blueno
24%
110Brogy
24%
171Camie
24%
249Charlotte Chiffon
24%
35Crocus
24%
295Denjiro
24%
162Dr. Hogback
24%
20Edward Weevil
24%
52Fullbody
24%
55Hina
24%
222Inuarashi
24%
205Jora
24%
102Miss Valentine
24%
58Momonga
24%
277Morgans Big News
24%
79Nojiko
24%
146Pauly
24%
228Pekoms
24%
92Portgas D.Rouge
24%
50Sentomaru
24%
272Stussy
24%
123Van Augur
24%
57Vergo
24%
183Aladdin
21%
120Avalo Pizarro
21%
175Boa Marigold
21%
174Boa Sandersonia
21%
204Buffalo
21%
181Caribou
21%
156Clover
21%
206Dellinger
21%
113Dr. Hiluluk
21%
112Dr. Kureha
21%
179Hannyabal
21%
286Ideo
21%
122Jesus Burgess
21%
299Kawamatsu
21%
293Kozuki Toki
21%
68Kuina
21%
262Lindbergh
21%
176Margaret
21%
103Miss Goldenweek
21%
100Miss Monday
21%
67Richy
21%
210Riku Doldo
21%
36Scopper Gaban
21%
88Squardo
21%
231Vinsmoke Niji
21%
142Wiper
21%
298Ashura Doji
17%
66Cabaji
17%
246Charlotte Amande
17%
247Charlotte Galette
17%
109Dorry
17%
145Foxy
17%
189Fukaboshi
17%
134Gan Fall
17%
78Genzo
17%
218Gladius
17%
287Hajrudin
17%
144Kalgara
17%
260Karasu
17%
296Kikunojo
17%
115Kohza
17%
294Kozuki Hiyori
17%
152Kumadori
17%
208Machvise
17%
106Miss Doublefinger
17%
131Montblanc Cricket
17%
261Morley
17%
188Otohime
17%
172Pappag
17%
73Pearl
17%
168Penguin
17%
127Sanjuan Wolf
17%
138Satori
17%
192Shirley
17%
248Tamago
17%
184Vander Decken
17%
223Wanda
17%
229Zunesha
17%
213Blue Gilly
14%
118Chaka
14%
135Conis
14%
111Dalton
14%
153Fukuro
14%
140Gedatsu
14%
173Heat
14%
254Héra
14%
301Kurozumi Orochi
14%
129Masira
14%
105Miss Merry Christmas
14%
65Morge
14%
253Napoléon
14%
139Ohm
14%
323
Pierre
14%
251Prométhée
14%
291Rocks D. Xebec
14%
271Saint Charlos
14%
211Scarlett
14%
290Shiki
14%
130Shôjô
14%
141Shura
14%
128Vasco Shot
14%
311Vice-Amiral Bastille
14%
235Vito
14%
252Zeus
14%
259Betty
10%
240Charlotte Snack
10%
319Domino
10%
324Duval
10%
212Elizabello
10%
289Orlumbus
10%
317Sadi
10%
270Saint Shepherd Ju Peter
10%
133Sarquiss
10%
86Satch
10%
170Shakuyaku
10%
302Shimotsuki Yasuie
10%
300Shinobu
10%
288Suleiman
10%
320Vinsmoke Sora
10%
185Wadatsumi
10%
89Whitey Bay
10%
304Hyogoro
7%
108Miss Fathersday
7%
136Pagaya
7%
269Saint Ethanbaron V. Nusjuro
7%
268Saint Topman Warcury
7%
318Saldeath
7%
169Shashi
7%
227Sicilion
7%
315Vice-Amiral Dalmatien
7%
303Fukurokuju
3%
274Joseph
3%
325Kung-Fu Dugong
3%
305Omasa
3%
308Tsunagoro
3%
312Vice-Amiral Maynard
3%
310Vice-Amiral Onigumo
3%
313Vice-Amiral Strawberry
3%
307Yatappe
3%
165Yorki
3%
316Brannew
0%
250Caramel
0%
82Daddy Masterson
0%
275Gismonda
0%
273Guernica
0%
177Haredas
0%
81Johnny
0%
276Maha
0%
80Yosaku
0%

Distribution des résultats

Percentile par nombre de réponses

% des personnes avec chaque résultat

Votre développement - résultats

Vous n’avez pas pris ce quiz depuis la dernière actualisation